000
002980000a22000970004500
100
1
_a
Motyer, Stephen
245
1
0
_a
Response to James Danaher, postomodern hermenutics and the reconstruction of the christian mind
300
_a
Vol. 19, Núm 3 (2001), Páginas 76-79
773
0
_t
Evangel
942
_c
ANA
999
_c
54409
_d
54409